000 00445cam a22001814a 4500
005 20250605163439.0
008 250528s ||||||||||||||||||||||||d
035 _a19416
020 _a9603320218
040 _aGR-AtMCL
_bgre
_dGR-AtMCL
_eAACR2
245 1 _aEXCEL 5 ΒΗΜΑ ΠΡΟΣ ΒΗΜΑ
250 _a1
260 _bMicrosoft
_bΚλειδάριθμος,
_c1994
300 _a430
942 _cBK
999 _c4672
_d4672